[Event "Canary Islands-ch 2019"]
[Site "La Palma"]
[Date "2019.05.05"]
[Round "6.3"]
[White "Martin Rodriguez, Pablo"]
[Black "Guerra Arrocha, Daniel"]
[Result "1/2-1/2"]
[WhiteElo "2004"]
[BlackElo "2133"]
[Annotator "NA"]
[PlyCount "215"]
[EventDate "2019.05.02"]
[EventType "swiss"]
[EventCountry "ESP"]
[SourceTitle "playchess.com"]
[Source "ChessBase"]
[SourceQuality "1"]
[TimeControl "5400+30"]

1. d4 {[%emt 0:00:00]} Nf6 {[%emt 0:22:54]} 2. Nf3 {[%emt 0:00:14]} g6 {[%emt 0:00:05]} 3. g3 {[%emt 0:00:11]} Bg7 {[%emt 0:00:05]} 4. Bg2 {[%emt 0:00:08]} O-O {[%emt 0:00:05]} 5. c4 {[%emt 0:00:04]} c6 {[%emt 0:00:07]} 6. O-O {[%emt 0:00:42]} d5 {[%emt 0:00:03]} 7. Nbd2 {[%emt 0:02:43]} Bf5 {[%emt 0:00:26]} 8. b3 {[%emt 0:00:19]} Ne4 {[%emt 0:00:12]} 9. Bb2 {[%emt 0:00:15]} Qa5 {[%emt 0:01:59]} 10. Qe1 {[%emt 0:13:10] D78: Fianchetto Grünfeld: 6 0-0 c6} (10. e3 Nxd2 11. Nxd2 Bd3 12. Re1 Nd7 13. a3 Nf6 14. Rc1 Bf5 15. b4 Qb6 16. Nb3 Rad8 17. h3 h5 {1-0 (38) Kuzubov,Y (2655)-Hammer,J (2662) Saint Louis 2018}) 10... Nxd2 {[%emt 0:01:34]} 11. Qxd2 {[%emt 0:02:45]} Qxd2 {[%emt 0:00:45]} 12. Nxd2 {[%emt 0:00:11]} dxc4 $146 {[%emt 0:00:24]} ({Predecessor:} 12... Rd8 13. Rac1 Na6 14. Rfd1 Rac8 15. a3 Nc7 16. e3 Ne8 17. b4 e6 18. Bf1 Nd6 19. f3 g5 20. c5 Ne8 {½-½ (20) Portisch,L-Gligoric,S Pula 1971}) 13. Nxc4 {[%emt 0:00:17]} Nd7 {[%emt 0:02:49]} 14. e4 {[%emt 0:02:14]} Be6 {[%emt 0:00:17]} 15. Ne3 {[%emt 0:02:17]} c5 {[%emt 0:03:04]} 16. Rfd1 {[%emt 0:01:52]} Rfd8 {[%emt 0:06:48]} 17. Rab1 {[%emt 0:03:26]} cxd4 {[%emt 0:01:50]} 18. Bxd4 {[%emt 0:00:09]} Bxd4 {[%emt 0:01:24]} 19. Rxd4 {[%emt 0:00:05]} Ne5 {[%emt 0:00:17]} 20. Nd5 {[%emt 0:20:29]} Nc6 {[%emt 0:00:40]} 21. Rdd1 {[%emt 0:00:46]} Rd7 {[%emt 0:03:05]} 22. Nf4 {[%emt 0:11:38]} Rad8 {[%emt 0:00:16]} 23. Rxd7 {[%emt 0:00:20]} Rxd7 {[%emt 0:00:46]} 24. Nxe6 {[%emt 0:01:47]} fxe6 {[%emt 0:00:04]} 25. Rb2 {[%emt 0:01:30]} Ne5 {[%emt 0:00:46]} 26. Bf1 {[%emt 0:03:18]} Rd4 {[%emt 0:00:16]} 27. Re2 {[%emt 0:03:05]} Nf3+ {[%emt 0:00:08]} 28. Kg2 {[%emt 0:00:22]} Nd2 {[%emt 0:00:08]} 29. e5 {[%emt 0:01:36]} g5 {[%emt 0:00:45]} 30. h3 {[%emt 0:03:14]} Kf7 {[%emt 0:00:47]} 31. Re3 {[%emt 0:01:01]} Nxf1 {[%emt 0:02:14]} 32. Kxf1 {[%emt 0:00:07]} Rd1+ {[%emt 0:01:48]} 33. Re1 {[%emt 0:01:06]} Rd5 {[%emt 0:00:21]} 34. Re3 {[%emt 0:02:20]} Kg6 {[%emt 0:00:11]} 35. g4 {[%emt 0:00:06]} h5 {[%emt 0:00:12]} 36. f3 {[%emt 0:00:31]} hxg4 {[%emt 0:00:28]} 37. hxg4 {[%emt 0:00:11]} Ra5 {[%emt 0:00:43]} 38. a4 {[%emt 0:00:42]} Kf7 {[%emt 0:00:15]} 39. Kf2 {[%emt 0:00:34]} b5 {[%emt 0:00:03]} 40. axb5 {[%emt 0:00:26]} Rxb5 {[%emt 0:00:03]} 41. Kg3 {[%emt 0:00:08]} Rb4 {[%emt 0:01:06]} 42. Rc3 {[%emt 0:00:50]} Rb5 {[%emt 0:00:31]} 43. Re3 {[%emt 0:00:12]} Rd5 {[%emt 0:00:30]} 44. Kf2 {[%emt 0:00:45]} Ke8 {[%emt 0:00:27]} 45. Kg3 {[%emt 0:00:31]} Rd4 {[%emt 0:00:07]} 46. Rc3 {[%emt 0:02:58]} Kd7 {[%emt 0:00:20]} 47. Kf2 {[%emt 0:01:56]} Rd5 {[%emt 0:00:09]} 48. Re3 {[%emt 0:00:28]} Rb5 {[%emt 0:00:15]} 49. Kg3 {[%emt 0:00:38]} Rb4 {[%emt 0:00:01]} 50. Rc3 {[%emt 0:00:13]} a6 {[%emt 0:00:20]} 51. Kf2 {[%emt 0:04:41]} Rb5 {[%emt 0:00:05]} 52. Re3 {[%emt 0:01:04]} Kc6 {[%emt 0:00:04]} 53. Kg3 {[%emt 0:00:26]} Rb4 {[%emt 0:00:01]} 54. Rc3+ {[%emt 0:02:59]} Kd5 {[%emt 0:00:41]} 55. Re3 {[%emt 0:00:37]} a5 {[%emt 0:00:05]} 56. Rc3 {[%emt 0:00:53]} Kd4 {[%emt 0:03:01]} 57. Rc6 {[%emt 0:00:54]} Kxe5 {[%emt 0:00:33]} 58. Rc5+ {[%emt 0:00:05]} Kf6 {[%emt 0:00:02]} 59. Rxa5 {[%emt 0:00:13]} Rxb3 {[%emt 0:00:01]} 60. Ra4 {[%emt 0:00:10]} Rd3 {[%emt 0:01:30]} 61. Re4 {[%emt 0:01:38]} Rc3 {[%emt 0:00:47]} 62. Kf2 {[%emt 0:00:35]} e5 {[%emt 0:00:25]} 63. Kg3 {[%emt 0:00:56]} Rd3 {[%emt 0:00:13]} 64. Kf2 {[%emt 0:00:08]} Rd4 {[%emt 0:00:13]} 65. Ke3 {[%emt 0:03:07]} Rd1 {[%emt 0:02:10]} 66. Ke2 {[%emt 0:00:25]} Rb1 {[%emt 0:00:04]} 67. Ke3 {[%emt 0:00:32]} Rb3+ {[%emt 0:00:04]} 68. Ke2 {[%emt 0:00:10]} Ke6 {[%emt 0:00:08]} 69. Kf2 {[%emt 0:00:43]} Rd3 {[%emt 0:00:15]} 70. Kg2 {[%emt 0:03:12]} Rd4 {[%emt 0:00:08]} 71. Re3 {[%emt 0:00:20]} e4 {[%emt 0:00:55]} 72. fxe4 {[%emt 0:01:54]} Ke5 {[%emt 0:01:32]} 73. Rf3 {[%emt 0:02:15]} e6 {[%emt 0:00:00]} 74. Rf8 {[%emt 0:03:22]} Rxe4 {[%emt 0:00:29]} 75. Kg3 {[%emt 0:00:26]} Re3+ {[%emt 0:00:05]} 76. Kf2 {[%emt 0:00:28]} Rb3 {[%emt 0:00:05]} 77. Rf7 {[%emt 0:00:20]} Rc3 {[%emt 0:02:46]} 78. Rf8 {[%emt 0:00:01]} Rc5 $15 {[%emt 0:00:29]} 79. Re8 {[%emt 0:01:11]} Kd5 {[%emt 0:00:26]} 80. Rg8 {[%emt 0:00:37]} Ke4 {[%emt 0:00:52]} 81. Rf8 {[%emt 0:00:12]} Kd4 {[%emt 0:01:02]} 82. Rg8 {[%emt 0:01:00]} Rd5 {[%emt 0:00:37]} 83. Kg3 {[%emt 0:00:22]} Ke4 {[%emt 0:00:06]} 84. Rf8 {[%emt 0:00:15]} Rd3+ {[%emt 0:00:48]} 85. Kg2 {[%emt 0:00:24]} Rd7 {[%emt 0:00:01]} 86. Kg3 {[%emt 0:00:15]} Ke5 {[%emt 0:00:48]} 87. Kg2 {[%emt 0:00:36]} Kd4 {[%emt 0:01:18]} 88. Rg8 {[%emt 0:00:21]} Rd5 {[%emt 0:00:53]} 89. Kg3 {[%emt 0:00:50]} Ke4 {[%emt 0:00:41]} 90. Rg6 {[%emt 0:00:41]} Re5 {[%emt 0:00:32]} 91. Rf6 {[%emt 0:00:12]} Kd5 {[%emt 0:00:28]} 92. Rg6 {[%emt 0:00:18]} Kd6 {[%emt 0:00:09]} 93. Rg7 {[%emt 0:00:18]} Ra5 {[%emt 0:00:08]} 94. Kg2 {[%emt 0:00:39]} Re5 {[%emt 0:00:50]} 95. Rf7 {[%emt 0:00:08]} Kd5 {[%emt 0:00:40]} 96. Rg7 {[%emt 0:00:24]} Ke4 {[%emt 0:00:11]} 97. Kg3 {[%emt 0:00:03]} Ra5 {[%emt 0:00:09]} 98. Rg6 {[%emt 0:00:29]} Re5 {[%emt 0:01:34]} 99. Rf6 {[%emt 0:00:19]} Ke3 {[%emt 0:00:05]} 100. Rg6 {[%emt 0:00:21]} Ke2 {[%emt 0:00:08]} 101. Kg2 {[%emt 0:00:18]} Ke1 {[%emt 0:00:18]} 102. Kg1 {[%emt 0:00:16]} Kd2 {[%emt 0:00:14]} 103. Kf2 {[%emt 0:00:23]} Re2+ {[%emt 0:00:54]} 104. Kf3 {[%emt 0:00:16]} e5 {[%emt 0:01:08]} 105. Rd6+ {[%emt 0:02:13]} Ke1 {[%emt 0:00:01]} 106. Re6 {[%emt 0:00:09]} Kf1 {[%emt 0:00:54]} 107. Re7 {[%emt 0:00:04]} Rf2+ {[%emt 0:01:26]} 108. Kg3 {[%emt 0:02:01]} 1/2-1/2